00274nam a2200109 a 4500008004100000050001600041100002400057245003500081260002500116300001400141350000900155120416s1963 ||||||||||||||||| || u aHF 5429 Phi aPhilpott, William J10aRetail business administration aLondonbPitmanc1963 axi, 161p. a0.00